Taylor Swift - Devine la chanson sans indices #92 - Statistiques

Statistiques générales
  • Ce quiz a été pris 160 fois
  • Le résultat moyen est 204 sur 307
Statistiques - réponses
Réponse % Correct
I
99%
I,
99%
you
97%
You
97%
me,
91%
me
91%
the
91%
we
91%
We
91%
be
89%
(Oh)
89%
on
86%
my
85%
And
84%
and
84%
It
84%
it
84%
were
84%
your
84%
to
83%
I'm
81%
so?
81%
"no"
80%
in
79%
In
79%
are
77%
by
77%
have
76%
you're
75%
it's
74%
But
73%
don't
73%
Been
72%
been
72%
if
71%
If
71%
of
71%
For
70%
know
70%
know,
70%
Would
70%
all
69%
think
69%
this
69%
one
68%
never
67%
had
66%
her
66%
at
63%
didn't
63%
would've
63%
now
62%
some
61%
time
61%
good,
60%
new
59%
though
59%
"yes"
58%
shit
56%
should've
56%
true
56%
up
56%
bus
55%
came
55%
fun
55%
something,
55%
thing
55%
with
55%
baby
54%
take
54%
doing
53%
saw
53%
stop,
53%
could've
52%
gonna
52%
instead
52%
saying
52%
home
51%
made
51%
thought
51%
wishes
51%
none
50%
defense,
49%
greatest
49%
alone
48%
day
48%
everything
48%
loves
48%
meet
48%
night
48%
over
48%
really
48%
well
48%
dream
47%
different
46%
own
46%
cool
45%
count
45%
films
45%
wanted
45%
woman
45%
internet
44%
pool
44%
today?
44%
grow
43%
making
43%
alright
42%
another
42%
numbers,
42%
showed
42%
bleed,
41%
pennies
41%
resist
41%
ask
40%
waking
40%
adventures
39%
guess
39%
tossing
39%
family
38%
Having
38%
sweet
38%
leaving
36%
enough
34%
Sunday
34%
each
33%
painted
32%
persist
32%
chosen
31%
temptation
30%
ground
28%
hit
28%
matinée
28%
Roaring
27%
running
25%
20s,
23%
digging
22%
grave
22%
Rosé
12%
flowing
9%
Aucun quiz correspondant
Distribution des résultats
% des personnes avec chaque résultat
Percentile par nombre de réponses
Votre historique - résultats
Vous n’avez pas pris ce quiz